Το ανοιχτό παράθυρο : μια μυθοπλαστική σύνοψη του ελληνικού κινηματογράφου
Αποθηκεύτηκε σε:
| Κύριος συγγραφέας: | |
|---|---|
| Μορφή: | Βιβλίο |
| Γλώσσα: | Greek |
| Δημοσίευση: |
Αθήνα :
Αιγόκερως,
2005
|
| Θέματα: | |
| Ετικέτες: |
Προσθήκη ετικέτας
Δεν υπάρχουν, Καταχωρήστε ετικέτα πρώτοι!
|
MARC
| LEADER | 00000nam a2200000 i 4500 | ||
|---|---|---|---|
| 001 | 1/49661 | ||
| 008 | 070730s2005 gre d | ||
| 020 | |a 978-960-322-232-3 | ||
| 020 | |a 960-322-232-1 | ||
| 035 | |l 10089247 | ||
| 040 | |a GR-MY-UA |b gre |e aacr | ||
| 041 | 0 | |a gre | |
| 082 | 0 | |a 791.430232 |2 (22) | |
| 100 | 1 | |a Ταρνανάς, Ανδρέας, |d 1959- | |
| 245 | 1 | 3 | |a Το ανοιχτό παράθυρο : |b μια μυθοπλαστική σύνοψη του ελληνικού κινηματογράφου / |c Ανδρέας Ταρνανάς |
| 260 | |a Αθήνα : |b Αιγόκερως, |c 2005 | ||
| 300 | |a 93 σ.; |b εικ., φωτ.; |c 17 εκ. | ||
| 650 | 0 | 0 | |a Motion pictures |x Production and direction |x Handbooks, manuals, etc. |
| 852 | |a INST |b LESVOS |e 20070730 |h 791.430232 ΤΑΡ |p 005100041306 |q 005100041306 |t BK |y 0 | ||
| 901 | |a BIBL1-2007-2 | ||
| 909 | |a Λ |b 136678 | ||
| 922 | |a 1ΕΛΗ |b 200707 |c ΕΠΕΑΕΚ2/ΠΤΕ |d Σ. ΠΑΤΑΚΗΣ | ||
| 970 | |a ΚΑΡΑ |b ΓΙΑΣΕΜΗ |z 2007/07/30 | ||